000 01259nam a2200193 a 4500
008 120416s1983 ||||||||||||||||| || u
050 _aTA 330 Mas
100 _aMason, J. C
245 1 0 _aBASIC numerical mathematics
260 _aLondon
_bButterworths
_c1983
300 _aix, 143p.
350 _a0.00
995 _D0.00
_FCBU-MAIN LIBRARY (Kitwe)
_H4
_I1.50
_M6
_UAVAILABLE
_ZMain Library Open Access Collection
995 _D0.00
_FCBU-MAIN LIBRARY (Kitwe)
_H5
_I1.50
_M3
_UAVAILABLE
_ZMain Library Open Access Collection
995 _D0.00
_FCBU-MAIN LIBRARY (Kitwe)
_H3
_I1.50
_M5
_UAVAILABLE
_ZAnnex Low-Usage Collection
995 _D0.00
_FCBU-MAIN LIBRARY (Kitwe)
_H1
_I1.50
_M2
_UAVAILABLE
_ZAnnex Low-Usage Collection
995 _D0.00
_FCBU-MAIN LIBRARY (Kitwe)
_H6
_I1.50
_M4
_UAVAILABLE
_ZAnnex Low-Usage Collection
995 _D0.00
_FCBU-MAIN LIBRARY (Kitwe)
_H2
_I1.50
_M1
_UAVAILABLE
_ZAnnex Low-Usage Collection
999 _c81025
_d81025